000 00302nam a2200109Ia 4500
008 200302s9999 xx 000 0 und d
100 _aGerald Adler & Others
245 _aScale Imagination, Perception and Practice in Architecture
260 _bTaylor &Francis Group
260 _c2012
300 _a241 P.,
999 _c3262
_d3262